000
00281nam a22001217a 4500
020
_a
81-207--2393-7
082
_a
823
_b
ALL/A
100
_a
ALLEN, JAMES
245
_a
AS A MAN THINKETH
260
_a
DELHI
_b
SRERILING PUBLISHERS
650
_a
ENGLISH SHORT STORY
_z
MUMBAI
942
_c
BK
999
_c
2704
_d
2704